00478pab a2200145 454500008004000000100002200040245011900062260000900181300001300190650003100203650001600234700001700250700001700267773004800284180718b2003 xxu||||| |||| 00| 0 eng d aWissemann, Arnold aChanging roles for a state agriculture department: driving forces and organisational responses in the 21st century c2003 ap.59-69. aAgriculture - 21st century aAgriculture aDuffied, Bea aRogers, John aAustralian Journal of Public Administration